Подробности
| 000 -МАРКЕР |
| контрольное поле |
01990nam0a2200337 4500 |
| 001 - ИДЕНТИФИКАТОР ЗАПИСИ |
| контрольное поле |
RU\NLR\bibl\1081483 |
| 005 - ИДЕНТИФИКАТОР ВЕРСИИ |
| контрольное поле |
20260406193648.0 |
| 010 ## - МЕЖДУНАРОДНЫЙ СТАНДАРТНЫЙ НОМЕР КНИГИ (ISBN) |
| Номер (ISBN) |
5-7456-0028-4 |
| Тираж |
500 |
| 021 ## - НОМЕР ГОСУДАРСТВЕННОЙ РЕГИСТРАЦИИ |
| Код страны |
Российская Федерация |
| Номер |
2007-19710 |
| Номер Листа государственной регистраци |
1048 |
| 035 ## - ДРУГИЕ СИСТЕМНЫЕ НОМЕРА |
| Идентификатор записи |
(NLR Aleph) 001068667 |
| 100 ## - ДАННЫЕ ОБЩЕЙ ОБРАБОТКИ |
| Данные общей обработки |
20070504d2002 |||y0rusy50 ca |
| 101 0# - ЯЗЫК РЕСУРСА |
| Язык текста, звукозаписи и т.д. |
русский |
| 102 ## - СТРАНА ПУБЛИКАЦИИ ИЛИ ПРОИЗВОДСТВА |
| Страна публикации |
Российская Федерация |
| 105 ## - ПОЛЕ КОДИРОВАННЫХ ДАННЫХ: ТЕКСТОВЫЕ МАТЕРИАЛЫ, МОНОГРАФИЧЕСКИЕ |
| Кодированные данные о монографическом текстовом документе |
y ||||||||| |
| 200 1# - ЗАГЛАВИЕ И СВЕДЕНИЯ ОБ ОТВЕТСТВЕННОСТИ |
| Основное заглавие |
Иммунобиологические, технологические, экономические факторы повышения производства продукции сельского хозяйства |
| Сведения, относящиеся к заглавию |
[сборник научных работ] |
| Первые сведения об ответственности |
М-во сел. хоз-ва Рос. Федерации, Всерос. НИИ контроля, стандартизации и сертификации вет. препаратов, Акад. наук Респ. Башкорстан, Башк. гос. аграр. ун-т |
| Последующие сведения об ответственности |
под ред. проф. Маннаповой Р.Т. [и др.] |
| 210 ## - ПУБЛИКАЦИЯ, РАСПРОСТРАНЕНИЕ И ДР. |
| Место издания, распространения и т.д. |
Москва |
| Имя издателя, распространителя и т. д. |
ВГНКИ |
| Место издания, распространения и т.д. |
Уфа |
| Имя издателя, распространителя и т. д. |
БГАУ |
| Дата издания, распространения и т.д. |
2002 |
| 215 ## - ФИЗИЧЕСКАЯ ХАРАКТЕРИСТИКА |
| Специфическое обозначение материала и объем |
411 с. |
| Размеры |
21 |
| 320 ## - ПРИМЕЧАНИЯ О НАЛИЧИИ В ДОКУМЕНТЕ БИБЛИОГРАФИИ / УКАЗАТЕЛЯ |
| Текст примечания |
Библиогр.: с. 353-356 (37 назв.) |
| 606 1# - НАИМЕНОВАНИЕ ТЕМЫ КАК ПРЕДМЕТ |
| Наименование темы |
Пчеловодство |
| Формальный подзаголовок |
Сборники |
| Системный номер авторитетной/нормативной записи |
998796 |
| Идентификатор авторитетной/нормативной записи |
RU\NLR\auth\6660675 |
| 606 1# - НАИМЕНОВАНИЕ ТЕМЫ КАК ПРЕДМЕТ |
| Наименование темы |
Биотехнология |
| Формальный подзаголовок |
Сборники |
| Тематический подзаголовок |
Применение в животноводстве |
| -- |
Иммунобиологические основы |
| Системный номер авторитетной/нормативной записи |
2476616 |
| Идентификатор авторитетной/нормативной записи |
RU\NLR\auth\661470512 |
| 686 ## - ИНДЕКСЫ ДРУГИХ КЛАССИФИКАЦИЙ |
| Индекс |
П691я43 |
| 686 ## - ИНДЕКСЫ ДРУГИХ КЛАССИФИКАЦИЙ |
| Индекс |
П836.325я43 |
| 702 #1 - ИМЯ ЛИЦА - ВТОРИЧНАЯ ОТВЕТСТВЕННОСТЬ |
| Материалы, к которым относится поле |
rus |
| Графика поля |
Кириллица |
| Начальный элемент ввода |
Маннапова |
| Часть имени, кроме начального элемента ввода |
Р. Т. |
| Даты |
1955- |
| Расширение инициалов личного имени |
Рамзия Тимергалеевна |
| Идентификатор авторитетной/нормативной записи |
RU\NLR\AUTH\7741797 |
| Системный номер авторитетной/нормативной записи |
24745 |
| 712 02 - НАИМЕНОВАНИЕ ОРГАНИЗАЦИИ - ВТОРИЧНАЯ ОТВЕТСТВЕННОСТЬ |
| Код отношения |
Прочие |
| Начальный элемент ввода |
Всероссийский государственный НИИ контроля, стандартизации и сертификации ветеринарных препаратов |
| Идентификатор авторитетной/нормативной записи |
RU\NLR\AUTH\889956456 |
| Системный номер авторитетной/нормативной записи |
409021 |
| 801 #0 - ИСТОЧНИК ЗАПИСИ |
| Страна |
Российская Федерация |
| Организация |
NLR |
| Дата составления |
20070504 |
| Правила каталогизации |
RCR |
| 801 #1 - ИСТОЧНИК ЗАПИСИ |
| Страна |
Российская Федерация |
| Организация |
NLR |
| Дата составления |
20070504 |
| 942 ## - ДОПОЛНИТЕЛЬНЫЕ ЭЛЕМЕНТЫ ЗАПИСИ (АБИС) |
| Тип экземпляра АБИС |
Книга |
| 980 ## - КОЛЛЕКЦИЯ |
| Название коллекции |
Национальная библиография |